El trabajo independiente de los estudiantes de cultura física en la universalización de la educación superior
Se aporta un modelo para la dirección del trabajo independiente que favorece la implicación del estudiante en la ejecución de las tareas y una alternativa metodológica que integra, la perspectiva sociológica, didáctica y psicológica del mismo,.
Guardado en:
| Autor principal: | |
|---|---|
| Autor Corporativo: | |
| Otros Autores: | , |
| Formato: | eBook |
| Lenguaje: | español |
| Publicado: |
La Habana :
Editorial Universitaria,
2012.
|
| Materias: | |
| Acceso en línea: | https://elibro.unach.elogim.com/es/lc/unach/titulos/90461 |
| Etiquetas: |
Agregar Etiqueta
Sin Etiquetas, Sea el primero en etiquetar este registro!
|
MARC
| LEADER | 00000nam a2200000 a 4500 | ||
|---|---|---|---|
| 001 | ELB90461 | ||
| 003 | FlNmELB | ||
| 006 | m o d | | ||
| 007 | cr cn||||||||| | ||
| 008 | 201201r2012 cu |||||s|||||||||||spa d | ||
| 024 | 8 | |z Tesis | |
| 035 | |a (MiAaPQ)EBC3201199 | ||
| 035 | |a (Au-PeEL)EBL3201199 | ||
| 035 | |a (CaPaEBR)ebr10584491 | ||
| 035 | |a (OCoLC)929370209 | ||
| 040 | |a FlNmELB |b spa |c FlNmELB | ||
| 050 | 4 | |a LA173 |b E596 2012 | |
| 080 | |a 378 | ||
| 082 | 0 | 4 | |a 378 |2 22 |
| 100 | 1 | |a Enríquez Caro, Lázaro Clodoaldo. | |
| 245 | 1 | 3 | |a El trabajo independiente de los estudiantes de cultura física en la universalización de la educación superior |h [recurso electronico] |c Lázaro Clodoaldo Enríquez Caro. |
| 260 | |a La Habana : |b Editorial Universitaria, |c 2012. | ||
| 300 | |a 190 p. | ||
| 500 | |a Tesis (doctorado) - Universidad de Ciencias de la Cultura Física y el Deporte "Manuel Fajardo". | ||
| 520 | |a Se aporta un modelo para la dirección del trabajo independiente que favorece la implicación del estudiante en la ejecución de las tareas y una alternativa metodológica que integra, la perspectiva sociológica, didáctica y psicológica del mismo,. | ||
| 533 | |a Recurso electrónico. Santa Fe, Arg.: e-libro, 2015. Disponible vía World Wide Web. El acceso puede estar limitado para las bibliotecas afiliadas a e-libro. | ||
| 650 | 4 | |a Educación. |x Educación física. | |
| 650 | 4 | |a Education. |x Physical education. | |
| 655 | 4 | |a Libros electrónicos. | |
| 700 | 1 | |a Concepción García, Rita. |4 drt | |
| 700 | 1 | |a Proenza Pupo, José Rafael. |4 drt | |
| 710 | 2 | |a e-libro, Corp. | |
| 856 | 4 | 0 | |u https://elibro.unach.elogim.com/es/lc/unach/titulos/90461 |